[Event "3rd VAM op"]
[Site "Hoogeveen NED"]
[Date "1999.10.16"]
[Round "2.16"]
[White "Gofshtein, Leonid D"]
[Black "Erwich, Frank"]
[Result "1-0"]
[WhiteElo "2507"]
[BlackElo "2196"]
[EventDate "1999.10.15"]
[PlyCount "61"]

1.d4 Nf6 2.c4 c5 3.d5 b5 4.Nf3 g6 5.cxb5 a6 6.b6 Qxb6 7.Nc3 d6 8.e4 Bg7 9.
Be2 Bg4 10.Nd2 Bxe2 11.Qxe2 O-O 12.O-O Nbd7 13.Nc4 Qc7 14.Bg5 Nb6 15.Ne3 
Rfe8 16.Rac1 e6 17.Rfd1 h6 18.Bh4 g5 19.Bg3 exd5 20.exd5 h5 21.h3 Qd7 22.
Qd3 Nh7 23.Nf5 Be5 24.Re1 Nf6 25.Bxe5 dxe5 26.Ng3 Nbxd5 27.Nxd5 Qxd5 28.
Qe3 Nh7 29.Rxc5 Qxa2 30.Rxe5 Red8 31.Rxg5+ 1-0

[Event "3rd VAM op"]
[Site "Hoogeveen NED"]
[Date "1999.10.16"]
[Round "2.17"]
[White "Hendriks, Willy"]
[Black "Reinderman, Dimitri"]
[Result "0-1"]
[WhiteElo "2378"]
[BlackElo "2525"]
[EventDate "1999.10.15"]
[PlyCount "92"]

1.e4 c5 2.Nf3 Nc6 3.d4 cxd4 4.Nxd4 g6 5.c4 Bg7 6.Be3 Nf6 7.Nc3 O-O 8.Be2 
d6 9.O-O Bd7 10.Qd2 Nxd4 11.Bxd4 Bc6 12.f3 a5 13.b3 Nd7 14.Be3 Nc5 15.Rab1
Qb6 16.Rfc1 Rfc8 17.Bd1 Qd8 18.a3 Nd7 19.Be2 Be5 20.Bf1 Nc5 21.b4 axb4 22.
axb4 Na4 23.Ne2 Bd7 24.Nd4 Qc7 25.Qf2 Be8 26.Be2 Qb8 27.f4 Bg7 28.Bg4 Rc7 
29.h4 b5 30.f5 Rxc4 31.fxg6 hxg6 32.h5 Nc3 33.Rxc3 Rxc3 34.hxg6 Rxe3 35.
Rf1 Bf6 36.Qxe3 Qb6 37.gxf7+ Bxf7 38.Nf5 Qxe3+ 39.Nxe3 Bd4 40.Re1 Ra3 41.
Kf2 Rb3 42.Kf3 e6 43.Bh3 Kg7 44.Kf4 Kg6 45.Bg4 Be5+ 46.Kf3 Kg5 0-1

[Event "3rd VAM op"]
[Site "Hoogeveen NED"]
[Date "1999.10.16"]
[Round "2.19"]
[White "Azadmanesh, Moosa"]
[Black "Nicholson, John G"]
[Result "1/2-1/2"]
[WhiteElo "2147"]
[BlackElo "2249"]
[EventDate "1999.10.15"]
[PlyCount "66"]

1.e4 c5 2.Nf3 d6 3.d4 cxd4 4.Nxd4 Nf6 5.Nc3 e6 6.Be3 a6 7.f3 b5 8.Qd2 Bb7 
9.O-O-O Nbd7 10.g4 h6 11.h4 b4 12.Nce2 d5 13.Ng3 e5 14.Nb3 d4 15.Bf2 a5 
16.Bb5 Qb6 17.Qe2 Ba6 18.Bxa6 Qxa6 19.Qxa6 Rxa6 20.g5 Ng8 21.f4 a4 22.Nd2 
Ne7 23.fxe5 Nxe5 24.Bxd4 N7c6 25.Be3 g6 26.Rhg1 hxg5 27.Bxg5 Bg7 28.h5 Nd4
29.Kb1 O-O 30.h6 Bh8 31.Rh1 Kh7 32.Ndf1 Ne6 33.Bc1 Rb8 1/2-1/2

[Event "3rd VAM op"]
[Site "Hoogeveen NED"]
[Date "1999.10.16"]
[Round "2.20"]
[White "Porrasmaa, Timo"]
[Black "Bosboom, Manuel"]
[Result "0-1"]
[WhiteElo "2152"]
[BlackElo "2476"]
[EventDate "1999.10.15"]
[PlyCount "64"]

1.d4 Nf6 2.Nf3 g6 3.Nc3 d5 4.Bf4 Bg7 5.e3 Bg4 6.Be2 c6 7.Ne5 Bxe2 8.Qxe2 
O-O 9.h4 h5 10.f3 b5 11.Nd1 Qb6 12.Nf2 c5 13.Qd2 a5 14.Nfd3 Na6 15.dxc5 
Nxc5 16.Nxc5 Qxc5 17.Nd3 Qc6 18.Be5 Rfd8 19.O-O-O b4 20.g4 hxg4 21.h5 gxf3
22.hxg6 fxg6 23.Qh2 b3 24.axb3 a4 25.bxa4 Rxa4 26.b3 Rg4 27.Rdg1 Qe6 28.
Bd4 Rxd4 29.exd4 Qe3+ 30.Kb1 Ne4 31.Ne5 Nd2+ 32.Kc1 Nf1+ 0-1

[Event "3rd VAM op"]
[Site "Hoogeveen NED"]
[Date "1999.10.16"]
[Round "2.21"]
[White "Hulshof, Peter"]
[Black "Klinova, Masha"]
[Result "0-1"]
[WhiteElo "2195"]
[BlackElo "2359"]
[EventDate "1999.10.15"]
[PlyCount "68"]

1.e4 d6 2.g3 g6 3.Bg2 Bg7 4.d3 c5 5.Nc3 Nc6 6.f4 e6 7.Nf3 Nge7 8.O-O O-O 
9.Be3 Rb8 10.Qd2 b5 11.d4 cxd4 12.Nxd4 b4 13.Nce2 Qc7 14.Rad1 Rd8 15.c3 
Ba6 16.f5 bxc3 17.bxc3 Bxe2 18.Qxe2 Nxd4 19.Bxd4 exf5 20.exf5 Bxd4+ 21.
cxd4 Nxf5 22.Rxf5 gxf5 23.Qh5 Qe7 24.Qxf5 Qe6 25.Qg5+ Qg6 26.Qh4 Re8 27.
Rf1 Rb1 28.Qf4 Rxf1+ 29.Bxf1 Re4 30.Qf3 Rxd4 31.Qa8+ Kg7 32.Qxa7 Qe4 33.
Qa3 Rd2 34.Qc1 Qe3+ 0-1

[Event "3rd VAM op"]
[Site "Hoogeveen NED"]
[Date "1999.10.16"]
[Round "2.22"]
[White "Westerinen, Heikki"]
[Black "Barsov, Alexei"]
[Result "0-1"]
[WhiteElo "2382"]
[BlackElo "2539"]
[EventDate "1999.10.15"]
[PlyCount "112"]

1.e4 e6 2.d4 d5 3.exd5 exd5 4.Bf4 Bd6 5.Bxd6 Qxd6 6.c3 Nf6 7.Bd3 O-O 8.Ne2
Bg4 9.O-O Nbd7 10.Qc2 Rfe8 11.Ng3 h5 12.Na3 Nf8 13.Rae1 g6 14.f3 Bd7 15.
Qd2 Re6 16.Rxe6 Nxe6 17.Re1 h4 18.Nf1 Kg7 19.Nc2 a6 20.Re5 Bb5 21.Bxb5 
axb5 22.a3 Nd7 23.Re1 Nb6 24.Nce3 Rh8 25.Qe2 c6 26.Ng4 Nc4 27.Nfe3 Nf4 28.
Qc2 Re8 29.Kf2 Nxb2 30.Ne5 Rxe5 31.dxe5 Nbd3+ 32.Kf1 Nxe1 33.exd6 Nxc2 34.
Nxc2 Kf6 35.Nd4 Ne6 36.Nb3 b6 37.Ke2 Ke5 38.d7 Kd6 39.Ke3 Kxd7 40.f4 c5 
41.Nd2 d4+ 42.cxd4 Nxd4 43.Ke4 Ke6 44.Nb1 Nf5 45.Nc3 Nd6+ 46.Kf3 f5 47.Ke2
Kd7 48.Kd3 Kc6 49.Ne2 Nc4 50.Ng1 Nxa3 51.Nf3 c4+ 52.Kd4 b4 53.Nxh4 b5 54.
Nf3 Nc2+ 55.Ke5 b3 56.Nd2 b2 0-1

[Event "3rd VAM op"]
[Site "Hoogeveen NED"]
[Date "1999.10.16"]
[Round "2.23"]
[White "Blees, Albert"]
[Black "Remmel, Tim"]
[Result "1-0"]
[WhiteElo "2410"]
[BlackElo "2201"]
[EventDate "1999.10.15"]
[PlyCount "53"]

1.d4 Nf6 2.c4 g6 3.Nf3 Bg7 4.g3 O-O 5.Bg2 d6 6.O-O c6 7.Nc3 Qa5 8.e4 e5 9.
d5 cxd5 10.cxd5 Bg4 11.a3 Rc8 12.h3 Bxf3 13.Bxf3 Nbd7 14.Be3 Qd8 15.Rc1 a6
16.Kg2 b5 17.Na2 Nc5 18.Nb4 Nfd7 19.Nc6 Qf8 20.Qc2 Kh8 21.Bg4 Rc7 22.f4 
Re8 23.b4 exf4 24.Bxc5 dxc5 25.bxc5 fxg3 26.d6 Rxc6 27.Bxd7 1-0

[Event "3rd VAM op"]
[Site "Hoogeveen NED"]
[Date "1999.10.16"]
[Round "2.24"]
[White "Plasman, Hans"]
[Black "De Jong, Migchiel"]
[Result "1/2-1/2"]
[WhiteElo "2152"]
[BlackElo "2317"]
[EventDate "1999.10.15"]
[PlyCount "86"]

1.e4 e6 2.d4 d5 3.e5 c5 4.c3 Qb6 5.Nf3 Bd7 6.Be2 cxd4 7.cxd4 Bb5 8.Nc3 Bb4
9.O-O Bxc3 10.bxc3 Bxe2 11.Qxe2 Ne7 12.Bg5 Qa6 13.Qc2 Nbc6 14.Nd2 O-O 15.
Nb3 Qa4 16.Rac1 h6 17.Bf4 Rac8 18.Qd2 b6 19.Rfe1 Ng6 20.Bg3 Rc7 21.h4 Rfc8
22.h5 Nge7 23.Bf4 Na5 24.Nxa5 Qxa5 25.Re3 Qa3 26.g4 Rc4 27.Rd3 Kh7 28.Kh2 
b5 29.Rf3 Rf8 30.Rb1 b4 31.Rb3 Qa4 32.Rxb4 Rxb4 33.cxb4 Nc6 34.Bxh6 Qxb4 
35.Qxb4 Nxb4 36.Bg5 Nc2 37.Be7 Nxd4 38.Rd3 Re8 39.Bc5 Nc6 40.f4 Rb8 41.Rb3
Rxb3 42.axb3 a6 43.g5 Na5 1/2-1/2

[Event "3rd VAM op"]
[Site "Hoogeveen NED"]
[Date "1999.10.16"]
[Round "2.25"]
[White "Vistisen, Lars"]
[Black "Kasimdzhanov, Rustam"]
[Result "0-1"]
[WhiteElo "2199"]
[BlackElo "2603"]
[EventDate "1999.10.15"]
[PlyCount "70"]

1.e4 g6 2.d4 Bg7 3.Nf3 d6 4.Be3 Nf6 5.Nc3 O-O 6.Qd2 c6 7.Bh6 Bg4 8.Bxg7 
Kxg7 9.Ng5 e5 10.h3 Bc8 11.O-O-O Nbd7 12.Bc4 Qe7 13.Rhe1 b5 14.Bf1 h6 15.
Nf3 Bb7 16.g4 Rad8 17.g5 hxg5 18.Qxg5 Rh8 19.Nh4 Kf8 20.f4 Rh5 21.Qg3 exf4
22.Qf2 b4 23.Nf5 Qe6 24.d5 Qe5 25.dxc6 bxc3 26.cxb7 gxf5 27.exf5 cxb2+ 28.
Kb1 Ne4 29.Rxe4 Qxe4 30.Bg2 f3 31.Rxd6 fxg2 32.Rxd7 Re8 33.Qc5+ Kg8 34.
Kxb2 Rxf5 35.Qc8 Qb4+ 0-1

[Event "3rd VAM op"]
[Site "Hoogeveen NED"]
[Date "1999.10.17"]
[Round "3.1"]
[White "Visser, Yge"]
[Black "Porrasmaa, Timo"]
[Result "1/2-1/2"]
[WhiteElo "2378"]
[BlackElo "2152"]
[EventDate "1999.10.15"]
[PlyCount "90"]

1.e4 c5 2.d3 Nc6 3.g3 g6 4.Bg2 Bg7 5.f4 d6 6.Nf3 e6 7.O-O Nge7 8.c3 O-O 9.
Be3 b6 10.Na3 Bb7 11.Re1 Qd7 12.Bf2 Rab8 13.d4 cxd4 14.cxd4 Rfc8 15.Qd2 
Na5 16.b3 Rc7 17.Rad1 Ba6 18.g4 Rbc8 19.Re3 d5 20.Ne5 Qd6 21.b4 Nc4 22.
Naxc4 Bxc4 23.Bg3 Qd8 24.f5 dxe4 25.Bxe4 exf5 26.gxf5 Bh6 27.Ng4 Bxe3+ 28.
Qxe3 Nxf5 29.Bxf5 gxf5 30.Bxc7 Rxc7 31.Nh6+ Kh8 32.d5 f6 33.Nxf5 Qg8+ 34.
Kf2 Bxd5 35.Qg3 Rc2+ 36.Kf1 Bc4+ 37.Kg1 Qxg3+ 38.hxg3 h6 39.Rd6 Rxa2 40.
Rxf6 b5 41.Rxh6+ Kg8 42.g4 a5 43.bxa5 b4 44.g5 b3 45.Rg6+ Kh8 1/2-1/2

[Event "3rd VAM op"]
[Site "Hoogeveen NED"]
[Date "1999.10.17"]
[Round "3.3"]
[White "Solleveld, Maarten"]
[Black "Pel, Bonno"]
[Result "1/2-1/2"]
[WhiteElo "2404"]
[BlackElo "2224"]
[EventDate "1999.10.15"]
[PlyCount "81"]

1.e4 d6 2.d4 Nf6 3.Nc3 g6 4.f4 Bg7 5.Nf3 O-O 6.Bd3 Na6 7.O-O c5 8.d5 Rb8 
9.Qe2 Nb4 10.Bc4 e6 11.dxe6 Bxe6 12.Bxe6 fxe6 13.a3 Nc6 14.Kh1 Nh5 15.Ng5 
Nd4 16.Qd3 h6 17.Nh3 Qh4 18.Be3 Rbd8 19.Rad1 Kh7 20.b3 b6 21.Qd2 Nc6 22.
Ne2 Qe7 23.Qd3 Nf6 24.Ng3 Ng4 25.Bd2 Nd4 26.Nf2 Nxf2+ 27.Rxf2 Qh4 28.Rdf1 
d5 29.exd5 Rxd5 30.Qe4 Rfd8 31.Bc3 Nf5 32.Rf3 Rd1 33.Kg1 Rxf1+ 34.Nxf1 
Bxc3 35.Rxc3 Qf6 36.Rd3 Rxd3 37.Qxd3 Nd4 38.g3 e5 39.fxe5 Qxe5 40.Qe3 
Qxe3+ 41.Nxe3 1/2-1/2

[Event "3rd VAM op"]
[Site "Hoogeveen NED"]
[Date "1999.10.17"]
[Round "3.4"]
[White "Erwich, Frank"]
[Black "Bosch, Jeroen"]
[Result "0-1"]
[WhiteElo "2196"]
[BlackElo "2433"]
[EventDate "1999.10.15"]
[PlyCount "76"]

1.e4 c5 2.b3 b6 3.Bb2 Bb7 4.Nc3 e6 5.f4 Nf6 6.Qe2 Be7 7.Nf3 O-O 8.O-O-O 
Nc6 9.e5 Nd5 10.Nxd5 exd5 11.d4 d6 12.dxc5 dxc5 13.Kb1 Qd7 14.g3 d4 15.h4 
Nb4 16.Bh3 Qc6 17.Bg2 Nd5 18.Ng5 Nc3+ 19.Bxc3 Qxg2 20.Qxg2 Bxg2 21.Rh2 Bd5
22.Bb2 f6 23.exf6 Rxf6 24.Re1 Bf8 25.Rhe2 h6 26.Ne4 Re6 27.Nd2 Rxe2 28.
Rxe2 Rd8 29.Kc1 Bf7 30.Ne4 Bh5 31.Re1 Bg6 32.g4 h5 33.f5 Bh7 34.Ng5 hxg4 
35.Nxh7 Kxh7 36.Re5 Bd6 37.Re4 g3 38.Kd1 Rf8 0-1

[Event "3rd VAM op"]
[Site "Hoogeveen NED"]
[Date "1999.10.17"]
[Round "3.6"]
[White "Vedder, Richard"]
[Black "Van der Veen, Jan"]
[Result "1-0"]
[WhiteElo "2234"]
[BlackElo "2090"]
[EventDate "1999.10.15"]
[PlyCount "59"]

1.e4 e5 2.Nf3 Nc6 3.Bb5 Nf6 4.O-O Nxe4 5.Re1 Nd6 6.Bxc6 dxc6 7.Nxe5 Be7 8.
Nc3 O-O 9.d3 Re8 10.Bf4 f6 11.Ng4 Bf5 12.Ne3 Be6 13.Qh5 Qd7 14.h3 Nf5 15.
Ne4 g6 16.Qd1 h5 17.Nxf5 Bxf5 18.Qe2 Kf7 19.Qf3 h4 20.Bd2 Bxe4 21.Rxe4 f5 
22.Bc3 Bf6 23.Bxf6 fxe4 24.dxe4 Kg8 25.Qf4 Re6 26.Qxh4 Qh7 27.Qf4 Rae8 28.
e5 Qh5 29.Qd4 Qf5 30.Rd1 1-0

[Event "3rd VAM op"]
[Site "Hoogeveen NED"]
[Date "1999.10.17"]
[Round "3.7"]
[White "Nicholson, John G"]
[Black "Plasman, Hans"]
[Result "0-1"]
[WhiteElo "2249"]
[BlackElo "2152"]
[EventDate "1999.10.15"]
[PlyCount "78"]

1.e4 e5 2.Nf3 Nc6 3.Bb5 f5 4.Nc3 fxe4 5.Nxe4 Nf6 6.Qe2 d5 7.Nxf6+ gxf6 8.
d4 Bg7 9.dxe5 O-O 10.Bxc6 bxc6 11.e6 Qd6 12.O-O Re8 13.Nd4 c5 14.Nf5 Qxe6 
15.Qxe6+ Bxe6 16.Nxg7 Kxg7 17.c3 Rad8 18.Bf4 Rd7 19.Rfd1 d4 20.f3 Ree7 21.
cxd4 cxd4 22.b3 c5 23.Rac1 Rd5 24.g4 Bd7 25.Kf2 Bb5 26.Re1 Rb7 27.h4 Kf7 
28.h5 a5 29.Red1 a4 30.Rd2 axb3 31.axb3 Bd7 32.Rdc2 Rb5 33.Bd2 Be6 34.Kg3 
Re5 35.Bf4 Bxb3 36.Bxe5 fxe5 37.Rxc5 Rxc5 38.Rxc5 d3 39.Rc3 d2 0-1

[Event "3rd VAM op"]
[Site "Hoogeveen NED"]
[Date "1999.10.17"]
[Round "3.10"]
[White "Moll, Arne"]
[Black "Blees, Albert"]
[Result "0-1"]
[WhiteElo "2172"]
[BlackElo "2410"]
[EventDate "1999.10.15"]
[PlyCount "76"]

1.e4 e6 2.d4 d5 3.Nc3 Bb4 4.e5 Ne7 5.a3 Bxc3+ 6.bxc3 c5 7.Nf3 b6 8.h4 h6 
9.h5 Ba6 10.Bxa6 Nxa6 11.Nh4 Qc7 12.O-O Rc8 13.Ra2 cxd4 14.cxd4 Qc4 15.Rb2
Nc6 16.Be3 Nxe5 17.f4 Nd7 18.f5 Qc3 19.Rb3 Qxc2 20.fxe6 fxe6 21.Qg4 Qxb3 
22.Bf4 Rf8 23.Qxe6+ Kd8 24.Nf5 Rxf5 25.Qxf5 Qc4 26.Be5 Nc7 27.Bxg7 Ne8 28.
Bxh6 Qxd4+ 29.Kh1 Rc6 30.Bg5+ Kc7 31.Bf4+ Kc8 32.h6 Qf6 33.Qg4 Qf7 34.Rf3 
Nf6 35.Qf5 Qe6 36.Qxe6 Rxe6 37.h7 Nxh7 38.Rc3+ Nc5 0-1

[Event "3rd VAM op"]
[Site "Hoogeveen NED"]
[Date "1999.10.17"]
[Round "3.11"]
[White "Remmel, Tim"]
[Black "Hulshof, Peter"]
[Result "0-1"]
[WhiteElo "2201"]
[BlackElo "2195"]
[EventDate "1999.10.15"]
[PlyCount "84"]

1.e4 g6 2.d4 Bg7 3.Nc3 c6 4.Bc4 d6 5.Qf3 e6 6.Bf4 Qc7 7.Nge2 Nd7 8.O-O 
Ngf6 9.Bb3 e5 10.dxe5 dxe5 11.Bg5 b5 12.a3 O-O 13.h3 a5 14.Qe3 Bb7 15.Ng3 
b4 16.axb4 axb4 17.Rxa8 Rxa8 18.Nb1 c5 19.Nd2 Nb6 20.Nc4 Nfd7 21.Qe2 Ba6 
22.Ra1 Nf8 23.Qd2 Ne6 24.Nxb6 Qxb6 25.Bd5 Rc8 26.Be3 Rd8 27.Qe1 Nf4 28.
Bxc5 Qxc5 29.Rxa6 Nxd5 30.exd5 Rxd5 31.Ra8+ Bf8 32.Ne4 Qc6 33.Ra1 f5 34.
Ng5 Qxc2 35.Ne6 Be7 36.Qc1 Qxc1+ 37.Rxc1 Kf7 38.Nc7 Rd2 39.Rb1 Bc5 40.Na6 
Bxf2+ 41.Kf1 Bd4 42.Nxb4 Rf2+ 0-1

[Event "3rd VAM op"]
[Site "Hoogeveen NED"]
[Date "1999.10.17"]
[Round "3.13"]
[White "Klinova, Masha"]
[Black "Podgaets, Mikhail"]
[Result "1/2-1/2"]
[WhiteElo "2359"]
[BlackElo "2490"]
[EventDate "1999.10.15"]
[PlyCount "51"]

1.e4 e5 2.Nf3 Nc6 3.Bc4 Bc5 4.c3 Nf6 5.d3 d6 6.Nbd2 a6 7.Bb3 O-O 8.O-O Ba7
9.h3 Ne7 10.Re1 Ng6 11.Nf1 h6 12.Ng3 Re8 13.Bc2 c6 14.d4 Be6 15.Be3 Qc7 
16.Nh2 Rad8 17.Nf5 d5 18.exd5 Nxd5 19.Qf3 Bxf5 20.Qxf5 exd4 21.cxd4 c5 22.
dxc5 Nxe3 23.fxe3 Qxc5 24.Qxc5 Bxc5 25.Nf1 Ne5 26.b3 1/2-1/2

[Event "3rd VAM op"]
[Site "Hoogeveen NED"]
[Date "1999.10.17"]
[Round "3.14"]
[White "Markus, John Raymond"]
[Black "Westerinen, Heikki"]
[Result "1/2-1/2"]
[WhiteElo "2156"]
[BlackElo "2382"]
[EventDate "1999.10.15"]
[PlyCount "128"]

1.d4 d5 2.Nf3 Bf5 3.c4 e6 4.Nc3 Nf6 5.Qb3 Nc6 6.c5 Rb8 7.Bg5 Be7 8.e3 O-O 
9.Bb5 Nh5 10.Bxe7 Nxe7 11.O-O Nf6 12.Qa3 Ra8 13.Be2 Ng6 14.b4 Ne4 15.Nxe4 
Bxe4 16.Nd2 Bf5 17.g4 Bxg4 18.Bxg4 Qg5 19.h3 f5 20.f4 Qh4 21.Bf3 Nxf4 22.
Bg2 Nxh3+ 23.Bxh3 Qxh3 24.Rf3 Qg4+ 25.Kf2 Rf6 26.Rg1 Qh4+ 27.Kf1 Rg6 28.
Rxg6 hxg6 29.Qd3 Qh1+ 30.Ke2 g5 31.Rf1 Qh5+ 32.Ke1 g4 33.Qe2 a6 34.Qg2 Qg5
35.Qg3 c6 36.Kd1 Rf8 37.Qf4 Qe7 38.Rh1 Rf6 39.Qb8+ Rf8 40.Qh2 Qg5 41.Qf4 
Qe7 42.Nb3 Re8 43.Nc1 a5 44.bxa5 Qd8 45.Nb3 Qf6 46.Qe5 Qg5 47.Kd2 Kf7 48.
Nc1 Qd8 49.Nb3 Rh8 50.Rh2 Rh3 51.Rg2 Qg5 52.Ke2 Qh6 53.Nc1 Rf3 54.Nd3 Qh1 
55.Rf2 Rxf2+ 56.Nxf2 Qf3+ 57.Ke1 g3 58.Nd3 g2 59.Qc7+ Kf6 60.Qe5+ Kf7 61.
Qc7+ Kg8 62.Qd8+ Kh7 63.Qh4+ Kg8 64.Qd8+ Kh7 1/2-1/2

[Event "3rd VAM op"]
[Site "Hoogeveen NED"]
[Date "1999.10.17"]
[Round "3.15"]
[White "Barsov, Alexei"]
[Black "Gofshtein, Leonid D"]
[Result "1/2-1/2"]
[WhiteElo "2539"]
[BlackElo "2507"]
[EventDate "1999.10.15"]
[PlyCount "37"]

1.d4 d6 2.Nf3 Nf6 3.c4 g6 4.g3 Bg7 5.Bg2 O-O 6.O-O c6 7.Nc3 Na6 8.h3 Qb6 
9.e4 e5 10.Re1 Re8 11.d5 Bd7 12.Be3 Qc7 13.Nd2 Nc5 14.Nb3 b6 15.dxc6 Bxc6 
16.Bg5 Na4 17.Nd5 Nxd5 18.cxd5 Bb5 19.Qd2 1/2-1/2

[Event "3rd VAM op"]
[Site "Hoogeveen NED"]
[Date "1999.10.17"]
[Round "3.17"]
[White "Bosboom, Manuel"]
[Black "Van den Doel, Erik"]
[Result "0-1"]
[WhiteElo "2476"]
[BlackElo "2528"]
[EventDate "1999.10.15"]
[PlyCount "94"]

1.d4 d5 2.c4 dxc4 3.Nf3 e6 4.Qa4+ Nd7 5.Qxc4 c5 6.Be3 Nb6 7.Qb3 Nf6 8.dxc5
Nbd5 9.Bd4 Qa5+ 10.Nc3 Bxc5 11.Bxc5 Qxc5 12.Qb5+ Qxb5 13.Nxb5 Bd7 14.Nbd4 
Ke7 15.e3 Rac8 16.a3 Ne4 17.Bd3 Nc5 18.Bc2 f6 19.h4 g6 20.h5 e5 21.Ne2 Bf5
22.Bxf5 gxf5 23.O-O Ke6 24.Rad1 Rhd8 25.Rd2 Ne4 26.Rd3 Nc5 27.Rd2 Ne4 28.
Rd3 Nb6 29.Rxd8 Rxd8 30.Rc1 Rc8 31.Rxc8 Nxc8 32.Ne1 Ncd6 33.f3 Nc5 34.Nc2 
Nc4 35.b4 Na4 36.e4 fxe4 37.fxe4 Nd6 38.Ng3 Nc3 39.Kf2 Ncxe4+ 40.Nxe4 
Nxe4+ 41.Kf3 f5 42.Ne3 Nf6 43.h6 Ng8 44.Nc4 b6 45.a4 Nxh6 46.Na3 Nf7 47.
Nb5 a5 0-1

[Event "3rd VAM op"]
[Site "Hoogeveen NED"]
[Date "1999.10.17"]
[Round "3.19"]
[White "Smeets, Jan"]
[Black "Hendriks, Richard V"]
[Result "1-0"]
[WhiteElo "2193"]
[BlackElo "2145"]
[EventDate "1999.10.15"]
[PlyCount "103"]

1.e4 e5 2.Nf3 Nc6 3.Nc3 g6 4.d4 exd4 5.Nxd4 Bg7 6.Be3 d6 7.Nxc6 bxc6 8.Bc4
Nf6 9.f3 O-O 10.O-O Re8 11.Re1 Nh5 12.Qd2 Qh4 13.Bf2 Qe7 14.Rad1 Be5 15.
Ne2 Be6 16.Bxe6 Qxe6 17.Nd4 Qf6 18.Nxc6 Bxb2 19.Re3 Qg5 20.Rb3 Qxd2 21.
Rxd2 Bc1 22.Rd1 Bh6 23.Rb7 f5 24.exf5 gxf5 25.Rxc7 Bf8 26.Nxa7 Nf4 27.a4 
Rab8 28.Nb5 Ra8 29.Rc4 Ng6 30.Bb6 Ne5 31.Rf4 Rec8 32.Nxd6 Rxc2 33.Nxf5 Nc4
34.Ne3 Nxe3 35.Bxe3 Re8 36.Bb6 Ree2 37.Rg4+ Kf7 38.Kh1 Ra2 39.a5 Rec2 40.
h4 Be7 41.Rd5 Rc1+ 42.Kh2 Ke6 43.Rh5 Bd6+ 44.f4 Rd1 45.Rxh7 Kf5 46.Rg5+ 
Kxf4 47.Bc7 Bxc7 48.Rxc7 Raa1 49.Rf7+ Ke4 50.Kg3 Ra3+ 51.Rf3 Ra2 52.Rf4+ 
1-0

[Event "3rd VAM op"]
[Site "Hoogeveen NED"]
[Date "1999.10.17"]
[Round "3.20"]
[White "Brodsky, Mikhail"]
[Black "Neverov, Valeriy"]
[Result "1/2-1/2"]
[WhiteElo "2512"]
[BlackElo "2549"]
[EventDate "1999.10.15"]
[PlyCount "59"]

1.e4 c5 2.Nf3 d6 3.d4 cxd4 4.Nxd4 Nf6 5.Nc3 a6 6.Be2 e5 7.Nb3 Be7 8.Be3 
Be6 9.Nd5 Nbd7 10.Qd3 O-O 11.c4 b5 12.cxb5 axb5 13.O-O Bxd5 14.exd5 Rb8 
15.Rfc1 e4 16.Qd2 Ne5 17.Na5 Nxd5 18.Nc6 Nxc6 19.Qxd5 Ne5 20.Qxe4 Bf6 21.
Qd5 Qd7 22.Rc2 Nc4 23.Bf4 Bxb2 24.Rd1 Ba3 25.h3 Qe6 26.Bxc4 bxc4 27.Qxc4 
Rfc8 28.Qd3 Rxc2 29.Qxc2 h6 30.Rb1 1/2-1/2

[Event "3rd VAM op"]
[Site "Hoogeveen NED"]
[Date "1999.10.17"]
[Round "3.21"]
[White "Cifuentes Parada, Roberto"]
[Black "Berelowitsch, Alexander"]
[Result "0-1"]
[WhiteElo "2506"]
[BlackElo "2468"]
[EventDate "1999.10.15"]
[PlyCount "76"]

1.d4 Nf6 2.c4 e6 3.Nf3 c5 4.e3 d5 5.Nc3 Nc6 6.dxc5 Bxc5 7.a3 O-O 8.b4 Bd6 
9.Bb2 a5 10.b5 Ne5 11.cxd5 exd5 12.Be2 Nxf3+ 13.Bxf3 Be5 14.Na4 Bxb2 15.
Nxb2 Be6 16.O-O Rc8 17.Qd4 Qe7 18.Rfd1 Rc2 19.Nd3 Rfc8 20.Nf4 Qc5 21.h4 
Qxd4 22.Rxd4 Rc1+ 23.Rxc1 Rxc1+ 24.Kh2 Rc5 25.a4 Kf8 26.Kg3 Ke7 27.Nh5 
Nxh5+ 28.Bxh5 Kd6 29.Bf3 Rc4 30.Be2 Rb4 31.Bd1 Kc5 32.Rd2 d4 33.Kf4 d3+ 
34.e4 Kd4 35.f3 Bb3 36.Bxb3 Rxb3 37.Rd1 Rb2 38.Rc1 Rc2 0-1

[Event "3rd VAM op"]
[Site "Hoogeveen NED"]
[Date "1999.10.17"]
[Round "3.22"]
[White "De Jong, Migchiel"]
[Black "Azadmanesh, Moosa"]
[Result "1-0"]
[WhiteElo "2317"]
[BlackElo "2147"]
[EventDate "1999.10.15"]
[PlyCount "57"]

1.e4 c5 2.Nf3 d6 3.d4 cxd4 4.Nxd4 Nf6 5.Nc3 a6 6.Bc4 e6 7.O-O b5 8.Bb3 Be7
9.f4 O-O 10.e5 dxe5 11.fxe5 Bc5 12.Be3 Nfd7 13.Ne4 Bb7 14.Nxc5 Nxc5 15.Qg4
Nxb3 16.Nxb3 Qd5 17.Na5 Qe4 18.Qg3 Bd5 19.Rf4 Qxc2 20.Rg4 g6 21.Bh6 Rc8 
22.Rf1 Qc7 23.Qh4 Qxe5 24.Qe7 f5 25.Rxf5 Rc1+ 26.Bxc1 Qxf5 27.Rf4 Nc6 28.
Nxc6 Qc2 29.Qf7+ 1-0

[Event "3rd VAM op"]
[Site "Hoogeveen NED"]
[Date "1999.10.17"]
[Round "3.23"]
[White "Jonkman, Harmen"]
[Black "Goloshchapov, Alexander"]
[Result "1/2-1/2"]
[WhiteElo "2421"]
[BlackElo "2519"]
[EventDate "1999.10.15"]
[PlyCount "38"]

1.e4 c5 2.c3 d5 3.exd5 Qxd5 4.d4 Nf6 5.Nf3 Bg4 6.dxc5 Qxc5 7.Na3 Nbd7 8.
Be3 Qc7 9.h3 Bh5 10.Nb5 Qb8 11.g4 Bg6 12.g5 Ne4 13.Qa4 a6 14.O-O-O Bf5 15.
Nbd4 Nc5 16.Qc4 Be4 17.g6 Bxg6 18.Nc6 Qc7 19.Bxc5 Nxc5 1/2-1/2

[Event "3rd VAM op"]
[Site "Hoogeveen NED"]
[Date "1999.10.17"]
[Round "3.24"]
[White "Erwich, Marc"]
[Black "Amesz, Jaap"]
[Result "1-0"]
[WhiteElo "2059"]
[BlackElo "2217"]
[EventDate "1999.10.15"]
[PlyCount "87"]

1.e4 c5 2.Nf3 d6 3.d4 cxd4 4.Nxd4 Nf6 5.Nc3 a6 6.Be2 e6 7.O-O Be7 8.f4 Qc7
9.Be3 O-O 10.Nb3 Rd8 11.Qe1 Nbd7 12.g4 h6 13.h4 d5 14.exd5 Nxd5 15.Nxd5 
exd5 16.c3 Nc5 17.Nxc5 Bxc5 18.Bxc5 Qxc5+ 19.Qf2 Qxf2+ 20.Kxf2 d4 21.Rfd1 
d3 22.Bf3 h5 23.g5 d2 24.Ke3 Bg4 25.Bxg4 hxg4 26.Rxd2 Rxd2 27.Kxd2 Rd8+ 
28.Ke3 Re8+ 29.Kf2 f5 30.Rd1 Kf7 31.h5 Rh8 32.Rd7+ Ke8 33.Rxg7 Rxh5 34.
Rxb7 Rh2+ 35.Kg3 Rh3+ 36.Kg2 Rd3 37.g6 Rd2+ 38.Kg3 Kf8 39.Rf7+ Kg8 40.Rxf5
Rxb2 41.Ra5 Rb6 42.f5 Rc6 43.Kxg4 Rxc3 44.Rxa6 1-0

[Event "3rd VAM op"]
[Site "Hoogeveen NED"]
[Date "1999.10.18"]
[Round "4.1"]
[White "Van der Erf, Remco"]
[Black "Hulshof, Peter"]
[Result "1-0"]
[WhiteElo "2206"]
[BlackElo "2195"]
[EventDate "1999.10.15"]
[PlyCount "75"]

1.d4 g6 2.c4 Bg7 3.e4 c6 4.Nc3 d6 5.Be3 a6 6.h4 h5 7.Qd2 b5 8.f3 bxc4 9.
Bxc4 Nd7 10.Nh3 Nb6 11.Bb3 Bxh3 12.Rxh3 Nh6 13.Rc1 Rc8 14.Qe2 d5 15.e5 a5 
16.Bf2 e6 17.g4 Ng8 18.Kf1 Bf8 19.Na4 Nd7 20.Kg2 Be7 21.Qe1 hxg4 22.fxg4 
Nh6 23.Bd1 Qc7 24.a3 c5 25.Nxc5 Bxc5 26.b4 axb4 27.axb4 Bb6 28.Rxc7 Rxc7 
29.Qd2 Ng8 30.h5 gxh5 31.Rxh5 Rxh5 32.gxh5 f6 33.h6 Nf8 34.exf6 Nxf6 35.
Qf4 N8h7 36.Bh4 Ke7 37.Qg3 Rc8 38.Qg7+ 1-0

[Event "3rd VAM op"]
[Site "Hoogeveen NED"]
[Date "1999.10.18"]
[Round "4.2"]
[White "Podgaets, Mikhail"]
[Black "Vedder, Richard"]
[Result "1-0"]
[WhiteElo "2490"]
[BlackElo "2234"]
[EventDate "1999.10.15"]
[PlyCount "81"]

1.d4 Nf6 2.c4 e6 3.Nf3 b6 4.g3 Bb7 5.Bg2 Bb4+ 6.Bd2 c5 7.dxc5 Bxc5 8.Nc3 
O-O 9.O-O Be7 10.Bf4 d6 11.Rc1 Nc6 12.Nd4 Rc8 13.Ndb5 Ne8 14.Nxa7 Nxa7 15.
Bxb7 Rxc4 16.Qd3 Rc7 17.Bg2 Rd7 18.Qa6 d5 19.Na4 g5 20.Be3 d4 21.Bd2 b5 
22.Nb6 Rc7 23.Rxc7 Qxc7 24.Rc1 Bc5 25.Na8 Qd6 26.Qxd6 Bxd6 27.Bxg5 f6 28.
Bh6 Rf7 29.e3 dxe3 30.Bxe3 Be5 31.Rd1 Kg7 32.Rd8 Nd6 33.f4 Nc4 34.Bxa7 
Rxa7 35.fxe5 Nxe5 36.a3 Nc4 37.Rb8 Nxb2 38.Rxb5 Nc4 39.Nb6 Nxa3 40.Rc5 Nb1
41.Rc6 1-0

[Event "3rd VAM op"]
[Site "Hoogeveen NED"]
[Date "1999.10.18"]
[Round "4.3"]
[White "Van den Doel, Erik"]
[Black "Gurevich, Mikhail"]
[Result "1/2-1/2"]
[WhiteElo "2528"]
[BlackElo "2643"]
[EventDate "1999.10.15"]
[PlyCount "93"]

1.e4 e6 2.d4 d5 3.Nc3 Nf6 4.Bg5 dxe4 5.Nxe4 Be7 6.Bxf6 Bxf6 7.Nf3 O-O 8.
Qd2 Nd7 9.O-O-O b6 10.Bc4 Bb7 11.d5 b5 12.Bb3 c5 13.Nd6 Bxd5 14.Bxd5 exd5 
15.Qxd5 Nb6 16.Qe4 Na4 17.Ne5 Qb6 18.Qd5 Rad8 19.f4 c4 20.Kb1 Qc7 21.Rhe1 
a6 22.g4 Bxe5 23.fxe5 Nc5 24.Rf1 Ne6 25.Rf3 Qc5 26.Qxc5 Nxc5 27.b4 Nd7 28.
Re3 Nb6 29.g5 Rd7 30.Ra3 Na4 31.Rf3 Re8 32.Rdf1 Rxe5 33.Nxf7 Re8 34.Kc1 c3
35.Ne5 Rde7 36.Nd3 Nb6 37.Nf2 Nd5 38.Nd1 Nxb4 39.Nxc3 Rc7 40.Kb2 Rd7 41.
Rf4 Nc6 42.a4 bxa4 43.Nxa4 Rd6 44.Nc5 h6 45.gxh6 Rxh6 46.Nxa6 Rxh2 47.R1f2
1/2-1/2

[Event "3rd VAM op"]
[Site "Hoogeveen NED"]
[Date "1999.10.18"]
[Round "4.6"]
[White "Hendriks, Richard V"]
[Black "Remmel, Tim"]
[Result "0-1"]
[WhiteElo "2145"]
[BlackElo "2201"]
[EventDate "1999.10.15"]
[PlyCount "50"]

1.e4 d5 2.exd5 Qxd5 3.Nc3 Qa5 4.d4 c6 5.Nf3 Nf6 6.Bc4 Bf5 7.Ne5 e6 8.g4 
Bg6 9.Bd2 Bb4 10.f4 Nbd7 11.Qe2 O-O-O 12.O-O-O Nxe5 13.dxe5 Nd5 14.Bxd5 
cxd5 15.a3 Bxc3 16.Bxc3 Qc7 17.Bb4 h5 18.f5 exf5 19.Bd6 Qc4 20.Rd3 Kd7 21.
Qg2 Qe4 22.Qg1 fxg4 23.Qd1 Rc8 24.Kb1 Rxc2 25.Rd4 Qxd4 0-1